000 00538nam a2200193Ia 4500
003 GCL
008 140319s9999 xx 000 0 ara d
040 _aGCL /
_cGCL
082 0 4 _a921.95
_bت س
100 1 _aتيلر، الفرد ادوارد
245 1 0 _aسقراط /
_cتيلر، الفرد ادوارد
700 1 _aمحمد بكير خليل
300 _a148 ص
490 _aالالف كتاب
_v0
650 0 4 _aالفلسفة اليونانية
650 0 4 _aالفلاسفة
650 0 4 _aسقراط
942 _2ddc
_cBK
999 _c45380
_d45380